000 00331nam a2200133Ia 4500
008 231019s9999 xx 000 0 und d
082 _a658.1508
_bTUT-C
100 _aTutors- Virtual
245 0 _aFinancial Management
260 _aLahore, Pakistan
_bVirtual University
_c2015
300 _a197
650 _aFinance
999 _c34482
_d34482